01009nas a2200277Ia 4500001001600000003001000016008004100026040002500067041001300092100002200105210001900127222001900146245007700165250001100242260000900253501012300262300001400385362002700399500004700426650002300473700001100496942000700507957000600514999003300520952017800553A10/R172-52467 IT-MiCISF161014c99999999xx |||||||||||| ||und|| aIT-MiCISFcIT-MiCISF aITALIANO aCampanini Giorgio aVita pastorale aVita pastorale 0aInizia il dibattito. Un Sinodo sulla famiglia, un Sinodo per la famiglia a1a ed. c2013 bCISF - Centro Internazionale Studi Famiglia - Via Giotto, 36 20145 MILANO (non commercial uses only)cCopyright 2016 app. 44-46 an. 11, novembre [2013] a Tema: famiglia, chiesa, società, sinodo aFAMIGLIAvarticolo aAA.VV. cCR 71 a52467bSig1c227955d227955 0010406A_10_000000000000000_R1725246771aCISFbCISFd2016-10-14l0oA10/R172-52467 r2016-10-14 00:00:00w2016-10-14yCRzData import 15.10.2016 / by Epidotti, Vaglietti